TEXBOOK OF PHARMACEUTICAL ANALYSIS (Record no. 7058)

MARC details
000 -LEADER
fixed length control field 00340nam a2200145Ia 4500
008 - FIXED-LENGTH DATA ELEMENTS--GENERAL INFORMATION
fixed length control field 150301s2015 xx 000 0 und d
082 ## - DEWEY DECIMAL CLASSIFICATION NUMBER
Classification number 615.19
Item number P13R
100 ## - MAIN ENTRY--PERSONAL NAME
Personal name RAO, G. DEVALA
245 ## - TITLE STATEMENT
Title TEXBOOK OF PHARMACEUTICAL ANALYSIS
250 ## - EDITION STATEMENT
Edition statement 5TH
260 ## - PUBLICATION, DISTRIBUTION, ETC. (IMPRINT)
Name of publisher, distributor, etc. BIRLA PUBLISHER
300 ## - PHYSICAL DESCRIPTION
Extent 260
650 ## - SUBJECT ADDED ENTRY--TOPICAL TERM
Topical term or geographic name as entry element BIOLOGY
942 ## - ADDED ENTRY ELEMENTS (KOHA)
Source of classification or shelving scheme Dewey Decimal Classification
Koha item type Books
Koha issues (borrowed), all copies 1
Holdings
Withdrawn status Lost status Source of classification or shelving scheme Damaged status Not for loan Collection code Home library Current library Date acquired Source of acquisition Cost, normal purchase price SGTU Bill Number Total Checkouts Full call number Barcode Date last seen Date last checked out Bill Date Koha item type Shelving location
    Dewey Decimal Classification     PHARMACY SGT FA-FP Library SGT FA-FP Library 02/07/2015 ABC DELHI 190.00 SGTU 492 9 615.19 P13R FP106 15/04/2021 05/04/2021 24/11/2014 Books  
    Dewey Decimal Classification     PHARMACY SGT FA-FP Library SGT FA-FP Library 02/07/2015 ABC DELHI 190.00 SGTU 492 6 615.19 P13R FP107 05/12/2019 19/11/2019 24/11/2014 Books  
    Dewey Decimal Classification     PHARMACY SGT FA-FP Library SGT FA-FP Library 02/07/2015 ABC DELHI 190.00 SGTU 492 8 615.19 P13R FP108 25/06/2024 19/06/2024 24/11/2014 Books  
    Dewey Decimal Classification     PHARMACY SGT FA-FP Library SGT FA-FP Library 02/07/2015 ABC DELHI 190.00 SGTU 492   615.19 P13R FP109 02/07/2015   24/11/2014 Books Reference Book
    Dewey Decimal Classification     PHARMACY SGT FA-FP Library SGT FA-FP Library 02/07/2015 ABC DELHI 190.00 SGTU 492 3 615.19 P13R FP110 07/12/2019 25/11/2019 24/11/2014 Books  
    Dewey Decimal Classification     PHARMACY SGT FA-FP Library SGT FA-FP Library 02/07/2015 ABC DELHI 190.00 SGTU 492 7 615.19 P13R FP111 11/12/2018 20/11/2018 24/11/2014 Books  
    Dewey Decimal Classification     PHARMACY SGT FA-FP Library SGT FA-FP Library 02/07/2015 ABC DELHI 190.00 SGTU 492 8 615.19 P13R FP112 14/07/2021 31/03/2021 24/11/2014 Books  
    Dewey Decimal Classification     PHARMACY SGT FA-FP Library SGT FA-FP Library 02/07/2015 ABC DELHI 190.00 SGTU 492 8 615.19 P13R FP113 15/04/2021 25/11/2019 24/11/2014 Books  
    Dewey Decimal Classification     PHARMACY SGT FA-FP Library SGT FA-FP Library 02/07/2015 ABC DELHI 190.00 SGTU 492 8 615.19 P13R FP114 16/04/2021 31/03/2021 24/11/2014 Books  
Withdrawn   Dewey Decimal Classification     PHARMACY SGT FA-FP Library SGT FA-FP Library 02/07/2015 ABC DELHI 190.00 SGTU 492 5 615.19 P13R FP115 13/09/2024 12/03/2021 24/11/2014 Books